00850nam a22002177a 4500003000400000005001700004008004100021020002200062040002200084050002600106100009000132245005300222260002300275300000800298650007100306650004300377650006500420942001500485952011500500999001700615OSt20250221095857.0250221b |||||||| |||| 00| 0 eng d a978-9966-10-182-2 cChuka University aLB 1139.35bA 47 2015 aMakobi Timona ,Muchiri Elizabeth,Mwakindiria Alice Wanyama Melitus Korir Julia918372 aAlpha Diploma ECDE Music and Movement Activities aNairobibKLBc2015 a66p aMusic.....Instruction and Study...early childhood education918373 aMovement education .......Kenya918374 aEarly childhood education.....Kenya Activity programs918375 2lcccBKn0 00102lcc4070aCHKbCHKd2025-02-21l0oLB 1139.35 A47 2015p25137/2025r2025-02-21 10:00:54w2025-02-21yBK c18610d18610